Responses for Show #1978 - Wednesday, March 24, 1993

Contestants

[<< previous game]

Christine Bird, an investment advisor from Atlanta, Georgia

Abraham Aig, a banker from Jamaica, New York

Doug Adler, a physician originally from Toledo, Ohio (whose 1-day cash winnings total $10,600)

[next game >>]

Jeopardy! Round responses

POETS
CELEBRITY JEOPARDY!
(Alex: These are quotes we have obtained from the celebrities in question. It's how they are describing themselves when we said, "Give us a line to be used on Jeopardy!")
COMMUNICATIONS
THE CIVIL WAR
LEGAL LINGO
"O" NO!
    $100 5
Elizabeth Barrett Browning

Doug
    $100 2
Ron Howard

Doug
    $100 7
the telegraph

Doug
    $100 1
his hat

Abraham
    $100 21
arson

Abraham
    $100 16
oval

Doug
    $200 8
Dylan Thomas

Doug
    $200 14
(Alex: Out on a Limb, title of her best-selling book.)

Shirley MacLaine

Triple Stumper
    $200 10
body language

Christine
    $200 3
Jefferson Davis

Doug
    $200 22
libel

Doug
    $200 17
open-faced

Doug
    $300 11
Robert Frost

Christine
    $300 15
Elliott Gould

Doug
    $300 23
citizen band (or citizen's band)

Doug
    $300 4
Russia

Christine
    $300 26
notary

Abraham
    $300 18
opera glasses

Doug
    $400 12
T.S. Eliot

Doug
    $400 29
Pat Morita

Abraham
    $400 24
Pittsburgh, Pennsylvania

Abraham
    $400 6
William Tecumseh Sherman

Abraham
    $1,700 27
manslaughter

Abraham
    $400 19
an orange stick

Triple Stumper
    $500 13
Dante

Abraham
    $500 30
(Abraham: Who is Guy Williams?)

Billy Mumy

Abraham
Triple Stumper
    $500 25
American Sign Language

Abraham
    $500 9
Antietam

Abraham
    $500 28
amicus curiae

Christine
    $500 20
Eugene Ormandy

Abraham

Scores at the first commercial break (after clue 15):

Doug Abraham Christine
$1,400 $1,500 $800

Scores at the end of the Jeopardy! Round:

Doug Abraham Christine
$2,500 $4,900 $1,300

Double Jeopardy! Round responses

GREAT RULERS
THE HUMAN BODY
WORLD FACTS
ARCHITECTURE
FAMOUS ANIMALS
LITERARY CHARACTERS
    $200 13
the Hawaiian Islands

Abraham
    $200 4
the retina

Doug
    $200 3
the Pacific Ocean

Doug
    $200 2
Versailles

Abraham
    $200 1
the cold

Abraham
    $400 16
Frederick

Christine
    $400 5
(Abraham: What is the adrenal gland?)
(Doug: What's the hypothalamus?)

the pituitary

DougAbraham
Triple Stumper
    $400 11
Kuwait

Abraham
    $400 19
Barcelona

Abraham
    $400 7
Sam Spade

Doug
    $600 22
(Christine: What is Sardinia?)

Sicily

AbrahamChristine
    $600 6
(2 of) salt, sweet, bitter, & sour

Christine
    $600 12
the Vatican

Doug
    $600 20
(Doug: What is St. Paul's Cathedral?)

St. Patrick's Cathedral

DougAbraham
    $600 28
[The end-of-round signal sounds.]

Leo

Abraham
    $600 10
Sancho Panza

Abraham
    $800 23
Herod the Great

Triple Stumper
    $800 8
the fibula

Doug
    $800 14
the Malay Peninsula

Doug
    $1,900 21
the Chrysler Building

Abraham
    $800 26
Fala

Christine
    $800 17
(Jacob) Marley

Christine
    $1000 24
(Christine: Who is Albert?)
...
(Alex: And we've got about a minute left in this round.)

Alfred

AbrahamChristine
    $1000 9
DNA

Doug
    $1,200 15
(Doug: Uh, what is Indonesia?)
(Alex: No, sorry, you had to go to an entirely different part of the world, to [*] in the North Atlantic.)

Iceland

Doug
    $1000 25
St. Sophia's

Doug
    $1000 27
(Alex: The Iditarod race has run along that same course & the city is [*].)

Nome

Triple Stumper
    $1000 18
Nick Carraway

Christine

Scores at the end of the Double Jeopardy! Round:

Doug Abraham Christine
$5,300 $11,200 $3,300
(lock game)

[wagering suggestions for these scores]

Final Jeopardy! Round responses

GOVERNORS
ChristineWho was Reagan?
$2,001
DougWho is J. Carter
$1,400
AbrahamWho is Carter
$300
Jimmy Carter

Final scores:

Doug Abraham Christine
$6,700 $11,500 $1,299
2nd place: trip to St. Croix, U.S. Virgin Islands New champion: $11,500 3rd place: Dunlop tennis racket + Wheel of Fortune & Jeopardy! games for the Super Nintendo & Sega Genesis

Game dynamics:

Coryat scores:

Doug Abraham Christine
$6,500 $8,800 $3,300
20 R,
3 W
(including 1 DD)
22 R
(including 2 DDs),
2 W
9 R,
2 W

Combined Coryat: $18,600

[game clues] [game scores] [suggest correction]

Game tape date: 1992-12-01
The J! Archive is created by fans, for fans. Scraping, republication, monetization, and malicious use prohibited; this site may use cookies and collect identifying information. See terms. The Jeopardy! game show and all elements thereof, including but not limited to copyright and trademark thereto, are the property of Jeopardy Productions, Inc. and are protected under law. This website is not affiliated with, sponsored by, or operated by Jeopardy Productions, Inc. Join the discussion at JBoard.tv.